| 000 | 01181cam a22002775a 4500 | ||
|---|---|---|---|
| 001 | 016460614 | ||
| 003 | OSt | ||
| 005 | 20180513105517.0 | ||
| 008 | 130606t2013 gw a frb 101 0 eng d | ||
| 020 | _a9783642393297 (part 4 : paperback) | ||
| 040 |
_aYDXCP _beng _cYDXCP _dUk _dEG-ScBUE |
||
| 082 | 0 | 4 |
_a004.019 _222 _bHUM |
| 111 | 2 |
_aInternational Conference on Human-Computer Interaction _n(15th : _d2013 : _cLas Vegas, Nev.) |
|
| 245 | 1 | 0 |
_aHuman-computer interaction : _b15th international conference, HCI International 2013, Las Vegas, NV, USA, July 21-26, 2013, proceedings / _c[editor] Masaaki Kurosu. |
| 260 |
_aBerlin : _bSpringer, _cc.2013. |
||
| 300 |
_av. 4 : _bill. ; _c24 cm. |
||
| 490 | 0 |
_aLecture notes in computer science, _x0302-9743 ; _v8004-8008 |
|
| 490 | 0 | _aLNCS sublibrary: SL 3 - Information systems and application, incl. Internet/Web and HCI | |
| 504 | _aIncludes bibliographical references and index. | ||
| 505 | 0 | _aPart 4. Interaction modalities and techniques. | |
| 530 | _aAlso issued online. | ||
| 650 | 7 |
_aHuman-computer interaction _vCongresses. _2BUEsh |
|
| 653 |
_bCOMSCI _cMay2018 |
||
| 700 | 1 |
_aKurosu, Masaaki, _d1948- _eeditor. |
|
| 942 | _2ddc | ||
| 999 |
_c26698 _d26670 |
||